|
|
|
|
| LEADER |
00000nam0a2200000 4500 |
| 001 |
247425 |
| 005 |
20240117103659.0 |
| 035 |
|
|
|a (RuTPU)RU\TPU\book\268910
|
| 090 |
|
|
|a 247425
|
| 100 |
|
|
|a 20131225d2013 k y0rusy50 ca
|
| 101 |
0 |
|
|a rus
|
| 102 |
|
|
|a RU
|
| 105 |
|
|
|a a z 001zy
|
| 200 |
1 |
|
|a Особенности получения нанопорошков в условиях электрического взрыва проводников
|e монография
|f А. П. Ильин, О. Б. Назаренко, Д. В. Тихонов
|g Национальный исследовательский Томский политехнический университет (ТПУ)
|
| 210 |
|
|
|a Томск
|c Изд-во ТПУ
|d 2013
|
| 215 |
|
|
|a 225 с.
|c ил.
|
| 320 |
|
|
|a Библиогр.: с. 201-224.
|
| 330 |
|
|
|a Рассмотрены современные представления о процессе электрического взрыва проводников как о методе получения нанопорошков. Изложены результаты исследований свойств нанопорошков металлов, карбидов и оксидов. Обсуждаются вопросы взаимосвязи дисперсного, фазового, химического состава электровзрывных нанопорошков с условиями получения. Кратко представлены области практического применения электровзрывных нанопорошков. Для специалистов в области электрофизики, материаловедения, нано-технологий, студентов и аспирантов соответствующих специальностей.
|
| 606 |
1 |
|
|a Нанопорошки
|x Получение
|2 stltpush
|3 (RuTPU)RU\TPU\subj\72901
|9 86256
|
| 606 |
1 |
|
|a Проводники
|x Электрический взрыв
|2 stltpush
|3 (RuTPU)RU\TPU\subj\68095
|9 83632
|
| 610 |
1 |
|
|a нанодисперсные вещества
|
| 610 |
1 |
|
|a наночастицы
|
| 610 |
1 |
|
|a структурно-энергетические процессы
|
| 610 |
1 |
|
|a формирование
|
| 610 |
1 |
|
|a металлы
|
| 610 |
1 |
|
|a химические соединения
|
| 610 |
1 |
|
|a металлические нанопорошки
|
| 610 |
1 |
|
|a дисперсность
|
| 610 |
1 |
|
|a агломерирование
|
| 610 |
1 |
|
|a инертные газовые среды
|
| 610 |
1 |
|
|a кислородсодержащие среды
|
| 610 |
1 |
|
|a углеродсодержащие среды
|
| 610 |
1 |
|
|a электровзрывные нанопорошки
|
| 610 |
1 |
|
|a применение
|
| 610 |
1 |
|
|a смазочные составы
|
| 610 |
1 |
|
|a водоочистка
|
| 610 |
1 |
|
|a органический синтез
|
| 610 |
1 |
|
|a металлокерамические материалы
|
| 610 |
1 |
|
|a водородная энергетика
|
| 610 |
1 |
|
|a монографии
|
| 610 |
1 |
|
|a труды учёных ТПУ
|
| 675 |
|
|
|a 621.762.2
|v 3
|
| 675 |
|
|
|a 537.5
|v 3
|
| 700 |
|
1 |
|a Ильин
|b А. П.
|c химик
|c профессор Томского политехнического университета, доктор физико-математических наук
|f 1949-
|g Александр Петрович
|3 (RuTPU)RU\TPU\pers\25487
|
| 701 |
|
1 |
|a Назаренко
|b О. Б.
|c специалист в области экологии и безопасности жизнедеятельности
|c профессор Томского политехнического университета, доктор технических наук
|f 1963-
|g Ольга Брониславовна
|3 (RuTPU)RU\TPU\pers\25620
|9 11549
|
| 701 |
|
1 |
|a Тихонов
|b Д. В.
|c специалист в области электроэнергетики
|c старший научный сотрудник Томского политехнического университета, кандидат технических наук
|f 1965-
|g Дмитрий Владимирович
|3 (RuTPU)RU\TPU\pers\25645
|9 11556
|
| 712 |
0 |
2 |
|a Национальный исследовательский Томский политехнический университет (ТПУ)
|c (2009- )
|3 (RuTPU)RU\TPU\col\15902
|
| 801 |
|
1 |
|a RU
|b 63413507
|c 20131225
|
| 801 |
|
2 |
|a RU
|b 63413507
|c 20140116
|g RCR
|
| 942 |
|
|
|c BK
|